000 00614nam a2200205 a 4500
001 000032901
003 DO-SdBNP
005 20240422104515.0
007 ta
008 110801s1960 cu a 000 0 spa d
040 _aDO-SdBNP
_bspa
_cBNPHU
082 _a928
_bH519i
245 0 0 _aIdeario de Federico HenrĂ­quez I Carvajal /
_crecopilado por Alberto Baeza Flores.
260 _aSantiago de Cuba, Cuba :
_bUniversidad de Oriente,
_c1960.
300 _a307 ;
_c23 cm.
590 _aInventariado, 2022/ YL
700 1 2 _aBaeza Flores, Alberto,
_d1914-1998
_ecomp.
_97565
910 _aYLockward
942 _2ddc
_cLBS1
999 _c32392
_d32392